| 000 | 01444nam a2200301 4500 | ||
|---|---|---|---|
| 001 | 76858 | ||
| 003 | BD-RjUL | ||
| 005 | 20211209082910.0 | ||
| 008 | 200127s2018 bg ||||| |||| 00| 0dben d | ||
| 020 |
_a9789843426574 _c: Tk. 410.00 |
||
| 035 | _a(BD-RjUL)77082 | ||
| 040 |
_aBD-RjUL _beng _cBD-RjUL |
||
| 041 | _aeng | ||
| 082 |
_223 _a297.577 _bSAQ 2018 |
||
| 100 | 1 |
_aছালাম, এস. এম. আব্দুছ _9238482 |
|
| 245 | 1 | 0 |
_aকুরআন-হাদীসের আলোকে পরিবার গঠন ও সন্তান প্রতিপালন / _cএস. এম. আব্দুছ ছালাম |
| 250 | _a২য় সং | ||
| 260 |
_aরাজশাহী: _bছালেহা পাবলিকেশন্স, _c২০১৮ |
||
| 300 |
_a৩৮৩ পৃ. ; _c২২ সেমি. |
||
| 504 | _aগ্রন্থপঞ্জি পৃ.[৩৭৭]-৩৮৩ | ||
| 650 |
_aশিশু লালন পালন _xধর্মীয় দিক _xইসলাম _9238483 |
||
| 650 |
_aChild rearing _xReligious aspects _xIslam _9238484 |
||
| 650 |
_aপিতামাতা _xধর্মীয় দিক _xইসলাম _9238485 |
||
| 650 |
_aParenting _xReligious aspects _xIslam _9238486 |
||
| 650 |
_aশিশুদের ইসলামিক ধর্মীয় শিক্ষা _9192546 |
||
| 650 |
_aIslamic religious education of children _9238487 |
||
| 942 |
_2ddc _cBK |
||
| 999 |
_c76858 _d76858 |
||